000 00605nam a2200229Ia 4500
003 OSt
005 20221007071228.0
006 a|||||r|||| 00| 0
007 ta
008 221006b |||||||| |||| 00| 0 eng d
024 _a12,861
037 _cTextual
040 _aFLL
_cFLL
_beng
041 _2eng
_aeng
082 _aV3:5.N7, M2
100 _aStevens I.N. Au.
_9688363
245 0 _aProtection of liberrty
260 _aLondon
_bBasil blackwell oxford London
_c1982
300 _a187p
_ccm.
942 _hV3:5.N7, M2
_cTEXL
_2CC
999 _c1142805
_d1142805